000 00954nam a2200265Ia 4500
003 OSt
005 20220923213158.0
006 a|||||r|||| 00| 0
007 ta
008 220922b |||||||| |||| 00| 0 hin d
024 _a159,590
037 _cTextual
040 _aARTS
_cARTS
_bhin
041 _2hin
_ahin
082 _aO152,1:g(P), J9;M0
100 _aसुधंाशु, लक्ष्मी नारायण
245 0 _aकाव्यों में अभिव्यंजनावाद
246 _aKāvyoan mean abhivyanjanāvāda
250 _aसंस्क0 5
260 _aपटना
_b बिहार राष्ट्रभाषा परिषद
_c1980
300 _a160 पृ.
_ccm.
650 _aहिन्दी साहित्य
_9156264
942 _hO152,1:g(P), J9;M0
_cTEXL
_2CC
999 _c314337
_d314337